[Event "22nd ch-EUR Indiv 2022"]
[Site "Terme Catez SLO"]
[Date "2022.04.01"]
[Round "6.54"]
[White "Kulaots, Kaido"]
[Black "Rozen, Eytan"]
[Result "1-0"]
[WhiteTitle "GM"]
[BlackTitle "IM"]
[WhiteElo "2527"]
[BlackElo "2398"]
[WhiteFideId "4500261"]
[BlackFideId "2816750"]
[EventDate "2022.03.27"]

1. e4 e6 2. d4 d5 3. e5 c5 4. c3 Nc6 5. Nf3 Qb6 6. Bd3 cxd4 7. O-O Bd7 8. Re1
Nge7 9. h4 a6 10. h5 h6 11. Nbd2 Rc8 12. Nb3 dxc3 13. bxc3 Na5 14. Rb1 Nxb3 15.
Rxb3 Qc7 16. Rb4 Nc6 17. Rg4 Na5 18. Bd2 Bb5 19. Bxb5+ axb5 20. Nd4 Qb6 21. a4
bxa4 22. Qxa4+ Nc6 23. Ra1 Qa6 24. Qd1 Qb6 25. Rb1 Qc7 26. Bf4 Qd7 27. Qd3 Na5
28. Qg3 Rh7 29. Bc1 Nc4 30. f4 Ra8 31. f5 exf5 32. e6 fxe6 33. Rg6 e5 34. Ne6 f4
35. Qd3 Kf7 36. Bxf4 exf4 37. Rf1 Ne5 38. Qf5+ Kg8 39. Qxe5 Bd6 40. Qxd5 Qc6 41.
Qd4 Kf7 42. Nxf4 Ra5 43. Rxd6 1-0

[Event "22nd ch-EUR Indiv 2022"]
[Site "Terme Catez SLO"]
[Date "2022.04.01"]
[Round "6.55"]
[White "Salimova, Nurgyul"]
[Black "Kozak, Adam"]
[Result "1/2-1/2"]
[WhiteTitle "IM"]
[BlackTitle "GM"]
[WhiteElo "2399"]
[BlackElo "2525"]
[WhiteFideId "2915138"]
[BlackFideId "753246"]
[EventDate "2022.03.27"]

1. d4 Nf6 2. Nf3 e6 3. c4 b6 4. g3 Bb7 5. Bg2 Bb4+ 6. Bd2 a5 7. O-O O-O 8. Bf4
Be7 9. Qc2 d5 10. Ne5 Qc8 11. Nc3 dxc4 12. e4 Nc6 13. Nxc6 Bxc6 14. d5 exd5 15.
exd5 Bb7 16. Rfe1 Qd7 17. Rad1 Rfe8 18. Qa4 Qxa4 19. Nxa4 Bd8 20. Nc3 Rxe1+ 21.
Rxe1 h6 22. Nb5 Nxd5 23. Re8+ Kh7 24. Be4+ f5 25. Bxf5+ g6 26. Be4 Bf6 27. Re6
Nxf4 28. gxf4 Bxe4 29. Rxe4 c6 30. Nc7 Ra7 31. Ne8 Bxb2 32. Rxc4 c5 33. Nd6 Re7
34. Rc2 Bd4 35. a4 Re6 36. Nc4 Re1+ 37. Kg2 Rb1 38. Re2 Rb4 39. Re7+ Kg8 40. Nd6
Rxa4 41. Re6 Rb4 42. Rxg6+ Kf8 43. Re6 a4 44. f5 a3 45. f4 a2 46. Re8+ Kg7 47.
Re7+ Kg8 48. Re8+ Kh7 49. Re7+ Kh8 50. Re8+ Kg7 51. Re7+ 1/2-1/2

[Event "22nd ch-EUR Indiv 2022"]
[Site "Terme Catez SLO"]
[Date "2022.04.01"]
[Round "6.56"]
[White "Nesterov, Arseniy"]
[Black "Bukal, Vladimir Jr."]
[Result "1-0"]
[WhiteTitle "GM"]
[BlackTitle "IM"]
[WhiteElo "2522"]
[BlackElo "2391"]
[WhiteFideId "24198455"]
[BlackFideId "14502941"]
[EventDate "2022.03.27"]

1. d4 e6 2. c4 f5 3. Nf3 Nf6 4. g3 d5 5. Bg2 Be7 6. O-O Ne4 7. Nbd2 Nc6 8. e3 h5
9. Nxe4 dxe4 10. Nd2 h4 11. f3 hxg3 12. hxg3 exf3 13. Nxf3 Bf6 14. b4 Nxb4 15.
Qb3 a5 16. Bb2 Qe7 17. Rae1 a4 18. Qd1 a3 19. Ba1 Qd6 20. Qd2 c5 21. e4 fxe4 22.
Rxe4 Qxg3 23. d5 Bd7 24. Be5 Bxe5 25. Rxe5 O-O 26. dxe6 Rxf3 27. Rxf3 Qxe5 28.
exd7 Qa1+ 29. Kh2 Qe5+ 30. Kh1 Qd4 31. Qxd4 cxd4 32. Rb3 Nc2 33. Rxb7 Rd8 34. c5
d3 35. c6 d2 36. Bf3 Rf8 37. c7 1-0

[Event "22nd ch-EUR Indiv 2022"]
[Site "Terme Catez SLO"]
[Date "2022.04.01"]
[Round "6.57"]
[White "Krastev, Alexander"]
[Black "Beliavsky, Alexander G"]
[Result "1/2-1/2"]
[WhiteTitle "FM"]
[BlackTitle "GM"]
[WhiteElo "2409"]
[BlackElo "2518"]
[WhiteFideId "12989983"]
[BlackFideId "14602377"]
[EventDate "2022.03.27"]

1. e4 e5 2. Nc3 Bc5 3. Nf3 d6 4. Na4 Qe7 5. Nxc5 dxc5 6. Be2 Nf6 7. d3 Nc6 8.
O-O O-O 9. c3 h6 10. h3 c4 11. Qc2 cxd3 12. Bxd3 Nh5 13. Rd1 Qf6 14. Qe2 Ne7 15.
Nh2 Nf4 16. Bxf4 Qxf4 17. Bc4 Qg5 18. Qd2 Qf6 19. Ng4 Bxg4 20. hxg4 Nc8 21. Bb3
Nd6 22. Qe2 a5 23. a3 Rad8 24. Rd3 b6 25. Bd5 Nc8 26. Rad1 Rd6 27. g3 g6 28. Kg2
Kg7 29. b4 axb4 30. axb4 Qg5 31. c4 Ne7 32. b5 Ng8 33. Ra1 Nf6 34. Ra7 Nxg4 35.
f3 Nf6 36. Qe3 Qxe3 37. Rxe3 Rd7 38. Re2 Rb8 39. f4 Re7 40. Kf3 h5 41. Rd2 Rd8
42. c5 Rb8 43. cxb6 Rxb6 44. Bc6 Rb8 45. Rc2 Kf8 46. Rc5 Ng4 47. Bd5 Nf6 48. Bc4
Ne8 49. fxe5 Rd8 50. Kf4 Rd1 51. Ra8 Rc1 52. Rc6 Kg7 53. Rxe8 Rxe8 54. Rxc7 Kh6
55. b6 Rc3 56. e6 fxe6 57. Bxe6 Rxe6 1/2-1/2

[Event "22nd ch-EUR Indiv 2022"]
[Site "Terme Catez SLO"]
[Date "2022.04.01"]
[Round "6.58"]
[White "O'Gorman, Tom"]
[Black "Sivuk, Vitaly"]
[Result "1/2-1/2"]
[WhiteTitle "FM"]
[BlackTitle "GM"]
[WhiteElo "2357"]
[BlackElo "2518"]
[WhiteFideId "2508249"]
[BlackFideId "14116502"]
[EventDate "2022.03.27"]

1. d4 Nf6 2. c4 e6 3. Nc3 Bb4 4. f3 c5 5. d5 d6 6. e4 b5 7. Ne2 bxc4 8. Nf4 e5
9. Ne2 Nbd7 10. Ng3 Nb6 11. Be2 Ng8 12. O-O Ne7 13. a4 Bxc3 14. bxc3 a5 15. f4
exf4 16. Bxf4 Ng6 17. Qd2 O-O 18. Nh5 f6 19. Bg3 Qe7 20. Nf4 Ne5 21. Rab1 Ra6
22. Rfd1 Bd7 23. Ne6 Rc8 24. Bxe5 fxe5 25. Bg4 1/2-1/2

[Event "22nd ch-EUR Indiv 2022"]
[Site "Terme Catez SLO"]
[Date "2022.04.01"]
[Round "6.59"]
[White "Noe, Christopher"]
[Black "Samunenkov, Ihor"]
[Result "0-1"]
[WhiteTitle "IM"]
[BlackTitle "FM"]
[WhiteElo "2515"]
[BlackElo "2372"]
[WhiteFideId "24692018"]
[BlackFideId "14187086"]
[EventDate "2022.03.27"]

1. d4 d5 2. c4 e6 3. Nc3 a6 4. cxd5 exd5 5. Qb3 c5 6. dxc5 Nf6 7. Be3 d4 8.
O-O-O Bxc5 9. Qc4 Nbd7 10. Bxd4 Bxd4 11. Qxd4 O-O 12. e4 Qc7 13. Nf3 Nc5 14. Kb1
Be6 15. Nd5 Nxd5 16. exd5 Bxd5 17. Rc1 Bxa2+ 18. Kxa2 Qa5+ 19. Kb1 Nb3 20. Qc3
Qa1+ 21. Kc2 Nxc1 22. Bc4 Qa4+ 23. b3 Qa2+ 24. Kxc1 b5 0-1

[Event "22nd ch-EUR Indiv 2022"]
[Site "Terme Catez SLO"]
[Date "2022.04.01"]
[Round "6.60"]
[White "Gavrilescu, David"]
[Black "Szwed, Jacek"]
[Result "1-0"]
[WhiteTitle "IM"]
[BlackTitle "FM"]
[WhiteElo "2512"]
[BlackElo "2357"]
[WhiteFideId "1227190"]
[BlackFideId "1126431"]
[EventDate "2022.03.27"]

1. e4 e5 2. Nf3 Nf6 3. Nxe5 d6 4. Nf3 Nxe4 5. Nc3 Nxc3 6. dxc3 Be7 7. Be3 O-O 8.
Qd2 Nd7 9. O-O-O c6 10. Kb1 d5 11. h4 Re8 12. Bd3 Bc5 13. Bd4 Bxd4 14. cxd4 Nf6
15. Rde1 Ne4 16. Qf4 Qf6 17. Qxf6 Nxf6 18. Ne5 Ng4 19. Nxc6 Be6 20. Ne5 Nxf2 21.
Rhf1 Ne4 22. Kc1 f6 23. Nc4 Ng3 24. Nd6 Nxf1 25. Nxe8 Rxe8 26. Rxf1 Bf7 27. Kd2
Bg6 28. b3 Be4 29. g3 Re6 30. c4 Bxd3 31. Kxd3 dxc4+ 32. bxc4 Ra6 33. d5 Ra3+
34. Kd4 Rxa2 35. d6 Re2 36. Ra1 Kf7 37. Rxa7 Ke6 38. c5 Rb2 39. Ra8 b6 40. Re8+
Kf7 41. Rc8 bxc5+ 42. Kc3 1-0

[Event "22nd ch-EUR Indiv 2022"]
[Site "Terme Catez SLO"]
[Date "2022.04.01"]
[Round "6.61"]
[White "Goroshkov, Maksym"]
[Black "Brunello, Sabino"]
[Result "0-1"]
[BlackTitle "GM"]
[WhiteElo "2111"]
[BlackElo "2508"]
[WhiteFideId "14142716"]
[BlackFideId "813613"]
[EventDate "2022.03.27"]

1. Nf3 Nf6 2. g3 b6 3. Bg2 Bb7 4. O-O c5 5. d3 g6 6. e4 d6 7. c4 Bg7 8. Nc3 O-O
9. Bf4 Nc6 10. Qd2 Ng4 11. h3 Nge5 12. Bh6 Nxf3+ 13. Bxf3 Nd4 14. Bg2 e5 15.
Bxg7 Kxg7 16. Ne2 Ne6 17. f4 exf4 18. Nxf4 Nd4 19. Rf2 Qg5 20. Kh2 Rae8 21. Raf1
Re5 22. h4 Qe7 23. Ne2 Nxe2 24. Rxe2 d5 25. cxd5 Bxd5 26. Qc3 Bb7 27. Ref2 f6
28. Rf4 h6 29. R4f2 Qd6 30. Qa3 a5 31. Qc3 Ba6 32. Rf3 Rf7 33. R1f2 Rh5 34. Kg1
Bc8 35. Rf4 Re5 36. Rd2 Be6 37. Rdf2 a4 38. a3 b5 39. Qd2 Qd4 40. Kh2 g5 41.
R4f3 b4 42. Re3 Rd7 43. Ref3 Rf7 44. Re3 f5 45. hxg5 hxg5 46. Ref3 fxe4 47.
Rxf7+ Bxf7 48. Bxe4 Bg6 49. Bxg6 Kxg6 50. axb4 cxb4 51. Qc2 Qc5 52. Qd2 Qe3 53.
d4 Qxd2 54. Rxd2 Re4 55. d5 Kf7 56. d6 Ke8 57. d7+ Kd8 58. Kh3 a3 59. bxa3 bxa3
60. Kg2 Ra4 61. Ra2 Kxd7 62. Kf3 Kd6 63. Ke3 Kd5 64. Kd2 Ke4 65. Kc1 Kf3 66. Kb1
Kxg3 67. Rc2 Rb4+ 68. Ka1 Rb3 69. Rc1 g4 70. Rg1+ Kf4 71. Ka2 Rf3 72. Rc1 g3 73.
Rc4+ Kf5 74. Rc5+ Kg4 75. Rc8 g2 76. Rg8+ Kh3 77. Rh8+ Kg3 78. Rh1 Rf2+ 0-1

[Event "22nd ch-EUR Indiv 2022"]
[Site "Terme Catez SLO"]
[Date "2022.04.01"]
[Round "6.62"]
[White "Stremavicius, Pijus"]
[Black "Wieczorek, Oskar"]
[Result "0-1"]
[WhiteTitle "FM"]
[BlackTitle "GM"]
[WhiteElo "2320"]
[BlackElo "2500"]
[WhiteFideId "12812730"]
[BlackFideId "1133950"]
[EventDate "2022.03.27"]

1. d4 Nf6 2. Nf3 g6 3. Nbd2 d5 4. b4 Bg7 5. e3 a5 6. b5 c5 7. bxc6 Nxc6 8. Be2
O-O 9. O-O Bf5 10. c3 a4 11. Ba3 Qa5 12. Qc1 b5 13. Ne5 Nxe5 14. dxe5 Nd7 15.
Bxe7 Rfc8 16. Bb4 Qb6 17. Nf3 Nxe5 18. Nxe5 Bxe5 19. Qd2 Qc7 20. Qxd5 Bxh2+ 21.
Kh1 Be5 22. Qxb5 Rab8 23. Qxa4 Qd8 24. f4 Bxc3 25. Bxc3 Rxc3 26. e4 Rb2 27. Bf3
Bh3 28. gxh3 Qc8 29. f5 Qb8 30. e5 Qxe5 31. Qa8+ Kg7 32. f6+ Qxf6 33. Qd5 Qf4 0-1

[Event "22nd ch-EUR Indiv 2022"]
[Site "Terme Catez SLO"]
[Date "2022.04.01"]
[Round "6.63"]
[White "Aizenberg, Benny"]
[Black "Dudin, Gleb"]
[Result "1/2-1/2"]
[WhiteTitle "FM"]
[BlackTitle "IM"]
[WhiteElo "2297"]
[BlackElo "2477"]
[WhiteFideId "2821125"]
[BlackFideId "34184934"]
[EventDate "2022.03.27"]

1. e4 e5 2. Nf3 Nc6 3. Bb5 a6 4. Ba4 Nf6 5. O-O Be7 6. Re1 b5 7. Bb3 d6 8. c3
O-O 9. h3 h6 10. d4 Re8 11. Nbd2 Bf8 12. Nf1 Bd7 13. Ng3 Na5 14. Bc2 c5 15. d5
Nc4 16. a4 Nb6 17. b3 c4 18. axb5 cxb3 19. Bd3 Bxb5 20. Bxb5 axb5 21. Rb1 Qc7
22. Rxb3 Rec8 23. Qe2 g6 24. Be3 Nc4 25. Rxb5 Ra3 26. Rc1 Nxe3 27. Qxe3 h5 28.
Rb6 Rxc3 29. Rxc3 Qxc3 30. Qxc3 Rxc3 31. Rc6 Ra3 32. Nd2 Ra2 33. Ngf1 Bh6 34.
Rxd6 Kg7 35. Nc4 Nxe4 36. Rc6 Ra1 37. d6 Rd1 38. g3 Kf6 39. Kg2 Ke6 40. d7+ Kxd7
41. Nxe5+ Ke7 42. Rc7+ Kf6 43. Nxf7 Rc1 44. Ra7 Bf8 45. Nd8 Bc5 46. Ra6+ Ke5 47.
Nf7+ Kd5 48. Ra2 Bd4 49. h4 Bf6 50. Ra6 Bd4 51. Ra2 Bf6 52. Nd2 Nxd2 53. Rxd2+
Ke6 54. Nd6 Be7 55. Ne4 Re1 56. Kf3 Ra1 57. Rb2 Ra3+ 58. Kf4 Ra5 59. Rb6+ Kf7
60. Rc6 Rb5 61. Ke3 Rb3+ 62. Ke2 Rb2+ 63. Kf3 Rb3+ 64. Kg2 Rb5 65. Rc7 Ke6 66.
Ra7 Rf5 67. Ra2 Rb5 68. Nc3 Rb7 69. Ne2 Kf7 70. Nf4 Bd6 71. Nh3 Be7 72. Ra6 Rd7
73. Kf3 Rd3+ 74. Ke4 Rd7 75. Rc6 Bf6 76. Nf4 Rd4+ 77. Ke3 Rd7 78. Kf3 Kg7 79.
Ne6+ Kf7 80. Nc5 Ra7 81. Kf4 Be7 82. Nd3 Bf6 83. Ke4 Re7+ 84. Kf3 Rd7 85. Nf4
Kg7 86. Ne6+ Kf7 87. Kf4 Ra7 88. Nc7 Ra4+ 89. Kf3 Ra5 90. Rd6 Ra3+ 91. Kg2 Be5
92. Rd7+ Kf6 93. Nd5+ Ke6 94. Rd8 Ra7 95. Nb4 Bf6 96. Rc8 Kf7 97. Rc6 Rd7 98.
Nc2 Ra7 99. Ne3 Rd7 100. Ra6 Kg7 101. Nc4 Bd4 102. f3 Bf6 103. Kf2 Bd4+ 104. Ke2
Bf6 105. Nd6 Be7 106. Ne4 Kf7 107. Ke3 Rb7 108. Kf4 Rb5 109. Ra7 Ke6 110. Rc7
Ra5 111. Rb7 Rf5+ 112. Ke3 Ra5 113. Nc3 Ra3 114. Kd2 Bf6 115. Rb6+ Kf7 116. Ne4
Be7 117. Rb7 Ke6 118. Ke2 Ra2+ 119. Nd2 Bf6 120. Kd3 Be7 121. Nb3 Kf6 122. Nd4
Rg2 123. Ne2 Rf2 124. Nf4 Rxf3+ 125. Ke4 Rxg3 126. Nd5+ Ke6 127. Rxe7+ Kd6 128.
Rg7 Rg4+ 129. Nf4 Rxh4 130. Rxg6+ Kc5 131. Ke5 Rh1 132. Nd3+ Kc4 133. Nf2 Re1+
134. Ne4 h4 135. Rc6+ Kb5 136. Rc2 Rg1 137. Kd5 Rd1+ 138. Nd2 h3 139. Rb2+ Ka6
140. Kc6 Rc1+ 141. Nc4 Rxc4+ 142. Kd5 Rh4 143. Rh2 Kb5 144. Ke5 Kc4 145. Kf5 Kd4
146. Kg5 Rh8 147. Kg4 Ke4 148. Re2+ Kd4 149. Rh2 Rh7 150. Rxh3 Rxh3 151. Kxh3 1/2-1/2

[Event "22nd ch-EUR Indiv 2022"]
[Site "Terme Catez SLO"]
[Date "2022.04.01"]
[Round "6.64"]
[White "Moiseenko, Alexander"]
[Black "Roseneck, Jonas"]
[Result "1-0"]
[WhiteTitle "GM"]
[BlackTitle "FM"]
[WhiteElo "2602"]
[BlackElo "2376"]
[WhiteFideId "14102560"]
[BlackFideId "12939870"]
[EventDate "2022.03.27"]

1. d4 Nf6 2. c4 e6 3. Nf3 d5 4. Nc3 c5 5. e3 Nc6 6. cxd5 Nxd5 7. Bd3 Be7 8. O-O
O-O 9. a3 cxd4 10. exd4 Bf6 11. Be4 Nce7 12. Re1 Bd7 13. Bc2 Nxc3 14. bxc3 Ng6
15. Qd3 Bc6 16. Ne5 Bxe5 17. Rxe5 Qh4 18. Rg5 Rad8 19. Rg3 h6 20. Qe2 Qf6 21.
Be3 Rfe8 22. c4 a6 23. Rc1 Nf4 24. Qg4 e5 25. dxe5 Qxe5 26. Qxf4 Qb2 27. h3 1-0

[Event "22nd ch-EUR Indiv 2022"]
[Site "Terme Catez SLO"]
[Date "2022.04.01"]
[Round "6.65"]
[White "Sokolovsky, Yahli"]
[Black "Santos Ruiz, Miguel"]
[Result "0-1"]
[WhiteTitle "FM"]
[BlackTitle "GM"]
[WhiteElo "2395"]
[BlackElo "2597"]
[WhiteFideId "2820242"]
[BlackFideId "22291482"]
[EventDate "2022.03.27"]

1. e4 c5 2. Nf3 d6 3. Bb5+ Nd7 4. c3 Nf6 5. Qe2 a6 6. Ba4 b5 7. Bc2 e6 8. d4 Bb7
9. a4 cxd4 10. cxd4 Be7 11. O-O O-O 12. Bd2 Qb8 13. Bd3 bxa4 14. Rxa4 Bc6 15.
Ra2 Bb5 16. Nc3 Bxd3 17. Qxd3 Qb7 18. Rfa1 d5 19. exd5 Nxd5 20. Nxd5 Qxd5 21.
Ra5 Qb7 22. b4 Rfb8 23. h3 h6 24. Qc4 Nb6 25. Qa2 Bd6 26. Ne5 Rd8 27. Ng4 Bf8
28. Rxa6 Rxa6 29. Qxa6 Qxa6 30. Rxa6 Rxd4 31. Be3 Rd1+ 32. Kh2 Nd7 33. Bf4 Bxb4
34. Ra8+ Kh7 35. Ra4 Bc5 36. Be3 Bd6+ 37. Bf4 Nb6 38. Re4 f5 39. Rxe6 Bxf4+ 40.
g3 Rd6 41. Rxd6 Bxd6 42. Ne3 Kg6 43. Kg2 Bc5 0-1

[Event "22nd ch-EUR Indiv 2022"]
[Site "Terme Catez SLO"]
[Date "2022.04.01"]
[Round "6.66"]
[White "Ceres, Dragos"]
[Black "Thybo, Jesper Sondergaard"]
[Result "1/2-1/2"]
[WhiteTitle "FM"]
[BlackTitle "GM"]
[WhiteElo "2385"]
[BlackElo "2590"]
[WhiteFideId "13905864"]
[BlackFideId "1438832"]
[EventDate "2022.03.27"]

1. e4 c5 2. Nf3 Nc6 3. Bb5 g6 4. O-O Bg7 5. Nc3 d6 6. Bxc6+ bxc6 7. e5 dxe5 8.
Re1 Qc7 9. h3 Nh6 10. b3 O-O 11. d3 Nf5 12. Ne4 c4 13. bxc4 Nd6 14. Bb2 Nxe4 15.
Rxe4 f6 16. Re1 Rb8 17. Bc3 c5 18. Qe2 Bb7 19. Rab1 Qc6 20. Rb3 Ba8 21. Reb1
Rbd8 22. Ra3 Rd7 23. Ra5 e4 24. dxe4 Qxe4 25. Qxe4 Bxe4 26. Rxc5 Bxc2 27. Rc1
Be4 28. Nd4 Rb8 29. Ne6 Bh6 30. Re1 Bd3 31. Rc6 Bc2 32. Nd4 Bd3 33. Ne6 Bc2 34.
Nd4 Bb1 35. Ra6 Bd3 36. Rc6 Kf7 37. c5 Bf4 38. Rce6 Bc4 39. R6e4 e5 40. Nc6 Rc8
41. Nxe5+ Bxe5 42. Rxc4 Bxc3 43. Rxc3 Rc6 44. Re4 Rd5 45. Ra4 a6 46. Ra5 g5 47.
Rca3 Rdxc5 48. Rxc5 Rxc5 49. Rxa6 Rc1+ 50. Kh2 Rc2 51. Kg3 Rc3+ 52. f3 Rc2 53.
Ra3 Rb2 54. Ra4 Kg6 55. Ra8 Kf7 56. Kh2 Kg6 57. a4 h5 58. h4 gxh4 59. Kh3 Rb4
60. a5 Ra4 61. a6 Kh7 62. f4 Kg6 63. f5+ Kh7 64. g4 hxg3 65. Kxg3 h4+ 66. Kh3
Kg7 67. a7 Kh7 68. Rf8 Rxa7 69. Rxf6 Ra4 70. Rg6 Rf4 71. Rg4 Rxf5 72. Kxh4 Rf6
73. Kg3 Rg6 74. Rxg6 Kxg6 1/2-1/2

[Event "22nd ch-EUR Indiv 2022"]
[Site "Terme Catez SLO"]
[Date "2022.04.01"]
[Round "6.67"]
[White "Stevic, Hrvoje"]
[Black "Juksta, Karolis"]
[Result "1/2-1/2"]
[WhiteTitle "GM"]
[BlackTitle "FM"]
[WhiteElo "2587"]
[BlackElo "2378"]
[WhiteFideId "14502569"]
[BlackFideId "12809039"]
[EventDate "2022.03.27"]

1. e4 e6 2. d4 d5 3. Nd2 c5 4. exd5 exd5 5. Ngf3 Nc6 6. Bb5 Qe7+ 7. Be2 Qc7 8.
O-O Nf6 9. Re1 cxd4 10. Nb3 Be7 11. Nbxd4 O-O 12. c3 a6 13. Bg5 h6 14. Bh4 Re8
15. Bd3 Bd7 16. Qb3 Na5 17. Qc2 Nc4 18. Re2 g5 19. Bg3 Bd6 20. Rae1 Rxe2 21.
Rxe2 Re8 22. Rxe8+ Nxe8 23. Qe2 Kf8 24. Bxd6+ Ncxd6 25. Qe5 Qa5 26. Qh8+ Ke7 27.
Qxh6 f6 28. h4 gxh4 29. a3 Qb6 30. Qe3+ Kf7 31. Nxh4 Qxb2 32. Bg6+ Kf8 33. f3
Nc4 34. Qh6+ Ke7 35. Bxe8 Qxc3 36. Qg7+ Kxe8 37. Qxf6 Qe3+ 38. Kh2 Qe5+ 39.
Qxe5+ Nxe5 40. g4 Nc4 41. Kg3 Nxa3 42. f4 a5 43. f5 a4 44. Nhf3 b5 45. Ne5 Nc4
46. Nd3 a3 47. Nb4 Ne5 48. Ndc2 Nc6 49. Nxd5 a2 50. Nc7+ Kf8 51. Nxb5 Ne5 52.
Nc3 Nxg4 53. Kxg4 a1=Q 54. Nxa1 Bxf5+ 55. Kxf5 1/2-1/2

[Event "22nd ch-EUR Indiv 2022"]
[Site "Terme Catez SLO"]
[Date "2022.04.01"]
[Round "6.68"]
[White "Georgiev, Kiril"]
[Black "Samadov, Read"]
[Result "0-1"]
[WhiteTitle "GM"]
[BlackTitle "FM"]
[WhiteElo "2564"]
[BlackElo "2375"]
[WhiteFideId "2900017"]
[BlackFideId "13417444"]
[EventDate "2022.03.27"]

1. c4 Nf6 2. Nc3 e5 3. Nf3 Nc6 4. g3 Bb4 5. Bg2 O-O 6. O-O e4 7. Ng5 Bxc3 8.
bxc3 Re8 9. f3 e3 10. d3 d5 11. Qb3 a5 12. a4 h6 13. cxd5 Qxd5 14. Qxd5 Nxd5 15.
Ne4 f5 16. c4 Ndb4 17. Nc3 Nd4 18. f4 Rb8 19. Rb1 c5 20. Rb2 Bd7 21. Nb5 Bxb5
22. cxb5 b6 23. Rd1 g5 24. Kf1 gxf4 25. gxf4 Kh7 26. Kg1 Re7 27. h3 Rg8 28. Kh2
Reg7 29. Bh1 Rg3 30. Rf1 h5 31. Rd1 h4 32. Bb7 R8g7 33. Bh1 Kg8 34. Ba8 Kf8 35.
Bh1 Ke7 36. Re1 Kd6 37. Rf1 Nd5 38. Ra2 Nc3 0-1

[Event "22nd ch-EUR Indiv 2022"]
[Site "Terme Catez SLO"]
[Date "2022.04.01"]
[Round "6.69"]
[White "Meshkovs, Nikita"]
[Black "Kalogeris, Ioannis"]
[Result "1-0"]
[WhiteTitle "GM"]
[BlackTitle "FM"]
[WhiteElo "2561"]
[BlackElo "2368"]
[WhiteFideId "11602740"]
[BlackFideId "4239563"]
[EventDate "2022.03.27"]

1. Nf3 d5 2. g3 Nf6 3. Bg2 g6 4. d4 Bg7 5. a4 c5 6. dxc5 Na6 7. a5 O-O 8. O-O
Nxc5 9. Nc3 Bg4 10. Be3 Nce4 11. Bd4 Nxc3 12. Bxc3 Qc8 13. Be5 Rd8 14. Qd4 Qf5
15. c3 h5 16. Rfd1 Qc2 17. h3 Bd7 18. Rd2 Qf5 19. Bxf6 Bxf6 20. Qxd5 Qxd5 21.
Rxd5 Bc6 22. Rdd1 Rac8 23. Ne1 Bb5 24. Kf1 Rxd1 25. Rxd1 Rb8 26. Rd5 a6 27. Rc5
e6 28. Rc7 b6 29. axb6 Rxb6 30. b4 Kg7 31. Nf3 Bc6 32. Ne1 Bb5 33. Nc2 Be5 34.
Rc5 Bd6 35. Rc8 Bd7 36. Rd8 Ba4 37. Ne3 Be7 38. Ra8 Rd6 39. Be4 Bc6 40. Ra7 Bf6
41. Rxa6 1-0

[Event "22nd ch-EUR Indiv 2022"]
[Site "Terme Catez SLO"]
[Date "2022.04.01"]
[Round "6.70"]
[White "Koelle, Tobias"]
[Black "David, Alberto"]
[Result "1-0"]
[WhiteTitle "FM"]
[BlackTitle "GM"]
[WhiteElo "2378"]
[BlackElo "2545"]
[WhiteFideId "16207378"]
[BlackFideId "4000013"]
[EventDate "2022.03.27"]

1. d4 Nf6 2. c4 g6 3. Nc3 Bg7 4. e4 d6 5. h3 Nbd7 6. Bd3 a6 7. Nf3 e5 8. d5 Nc5
9. Bc2 Nh5 10. Bg5 Bf6 11. Be3 Nf4 12. O-O O-O 13. b4 Nd7 14. c5 Bg7 15. a4 Nf6
16. a5 Bd7 17. Kh2 Rc8 18. Ba4 Bxa4 19. Qxa4 c6 20. dxc6 Rxc6 21. Rfd1 Qc8 22.
Nd5 N6xd5 23. exd5 Rc7 24. cxd6 Rd7 25. Rac1 Qd8 26. Bb6 Qe8 27. g3 Ne2 28. Rc7
Rxd6 29. Qxe8 Rxe8 30. Bc5 Rf6 31. d6 Rxf3 32. d7 Rd8 33. Rc8 Bf6 34. Bb6 Rf8
35. Re8 Kg7 36. Rd6 1-0

[Event "22nd ch-EUR Indiv 2022"]
[Site "Terme Catez SLO"]
[Date "2022.04.01"]
[Round "6.71"]
[White "Tomazini, Zan"]
[Black "Druska, Juraj"]
[Result "0-1"]
[WhiteTitle "IM"]
[BlackTitle "IM"]
[WhiteElo "2376"]
[BlackElo "2503"]
[WhiteFideId "14608162"]
[BlackFideId "14915650"]
[EventDate "2022.03.27"]

1. e4 c5 2. Nf3 d6 3. Bb5+ Bd7 4. c4 a6 5. Bxd7+ Nxd7 6. d4 cxd4 7. Qxd4 Ngf6 8.
Nc3 g6 9. b3 Bg7 10. Bb2 O-O 11. O-O Nc5 12. Rfd1 b5 13. cxb5 axb5 14. e5 Nfd7
15. Ne4 Nxe5 16. Nxe5 Bxe5 17. Qxe5 dxe5 18. Rxd8 Rfxd8 19. Nxc5 Rxa2 0-1

[Event "22nd ch-EUR Indiv 2022"]
[Site "Terme Catez SLO"]
[Date "2022.04.01"]
[Round "6.72"]
[White "Demuth, Adrien"]
[Black "Pasztor, Balazs"]
[Result "1/2-1/2"]
[WhiteTitle "GM"]
[BlackTitle "FM"]
[WhiteElo "2496"]
[BlackElo "2338"]
[WhiteFideId "642274"]
[BlackFideId "774723"]
[EventDate "2022.03.27"]

1. c4 e6 2. Nc3 d5 3. d4 Be7 4. Bf4 Nf6 5. e3 O-O 6. a3 Nbd7 7. Nb5 Ne8 8. Nf3
c6 9. Nc3 Nef6 10. h3 Re8 11. Qc2 h6 12. c5 a5 13. Bd3 b6 14. cxb6 Nxb6 15. Nb5
Rf8 16. Bc7 Qe8 17. Bxb6 cxb5 18. O-O Bd7 19. Rfc1 b4 20. Ne5 Rc8 21. Qd1 bxa3
22. bxa3 Rxc1 23. Qxc1 Qa8 24. Nxd7 Nxd7 25. Qc7 Bd8 26. Qxd7 Bxb6 27. Rb1 Rb8
28. Rc1 Rd8 29. Qb5 Rb8 30. Qd7 Rd8 31. Qe7 Rc8 32. Rxc8+ Qxc8 33. g3 Qd8 34.
Qxd8+ 1/2-1/2

[Event "22nd ch-EUR Indiv 2022"]
[Site "Terme Catez SLO"]
[Date "2022.04.01"]
[Round "6.73"]
[White "Saraci, Nderim"]
[Black "Levin, Guy"]
[Result "1/2-1/2"]
[WhiteTitle "IM"]
[BlackTitle "FM"]
[WhiteElo "2488"]
[BlackElo "2332"]
[WhiteFideId "6351921"]
[BlackFideId "2824213"]
[EventDate "2022.03.27"]

1. Nf3 d5 2. g3 e6 3. Bg2 Nf6 4. O-O c5 5. c4 Nc6 6. cxd5 exd5 7. d4 Be7 8. Nc3
O-O 9. Bg5 c4 10. Ne5 Be6 11. Nxc6 bxc6 12. b3 cxb3 13. axb3 Bf5 14. Na4 Qd7 15.
Bxf6 Bxf6 16. Nc5 Qe7 17. e3 Rfb8 18. Qf3 Bc8 19. Ra5 Qc7 20. Rfa1 Bd8 21. R5a3
Be7 22. Ra5 Bd8 23. R5a4 Be7 24. b4 Rb6 25. Qd1 Qb8 26. Qd2 h6 27. h4 Bf5 28.
Bf1 Bxc5 29. dxc5 Rb7 30. Qc3 Be4 31. Bg2 Bxg2 32. Kxg2 Qe8 33. Qd3 Rab8 34.
Rxa7 Rxb4 35. Rc7 R4b7 36. Rxb7 Rxb7 37. Ra5 Rb4 38. Qf5 Qe4+ 39. Qxe4 Rxe4 40.
Ra8+ Kh7 41. Rc8 Re6 42. h5 g6 43. hxg6+ Kxg6 44. Kf3 h5 45. Rd8 Kf6 46. Rd7 Kg6
47. Ke2 Kf6 48. Kd3 Kg6 49. Rc7 Kg7 50. Kc3 Rf6 51. Kb4 Kg6 52. Ka5 Kf5 53. Kb6
Ke4 54. Rxc6 Rxf2 55. Rd6 Rb2+ 56. Kc6 Rg2 57. Kb7 Rxg3 58. c6 f5 59. Re6+ Kf3
60. Re5 Rg7+ 61. c7 f4 62. exf4 Kxf4 63. Rxd5 h4 64. Rd3 Kg4 65. Rd1 Rxc7+ 66.
Kxc7 h3 67. Kd6 h2 68. Ke5 Kf3 69. Kf5 Kg2 70. Kg4 h1=Q 71. Rd2+ Kg1 72. Rd1+
Kg2 73. Rd2+ Kg1 74. Rd1+ 1/2-1/2